01425nam a2200253 a 450000100100000000500170001000800410002704000250006808200110009324500720010426000640017630000200024050000540026050002280031450000500054259000260059270000280061870000610064670000850070770000800079295201720087295201100104499900170115400004905820201002061623.0190716s1979 dr 000 0 spa d aDO-SdBNPbspacBNPHU axxbxx03aLa infertilidad :bDocumentos -15 /cJosé Rafael Sosa ...[et.al]. aSanto Domingo, República Dominicana :bPROFAMILIA,c1979. a47 p. ;c22 cm. aTres Ponencia celebrada en la Biblioteca Nacional aII La Infertilidad femenina /rVíctor Ml. Montes Oca --tIII Infertilidad masculina y su tratamiento /rDR. Franz Miniño Marión-Landais --tIV Razones endocrinológicas de la infertilidad /rDR. Sócrates Mañón. aIncluye datos biográficos de los exponentes aInventariado, 2019/VM1 aSosa, José Rafael9641 aMonte Oca, Víctor Ml.tLa Infertilidad femenina9764531 aMiniño Marión-Landais, FranztInfertilidad masculina y su tratamiento9764541 aMañón, SócratestRazones endocrinológicas de la infertilidad976455 0010718PDaPDbPDcHDd2019-07-16iLF1l0oxx xxp49059-10r2020-06-25w2020-06-25yLFPDzPerteneció a la biblioteca personal de la Flia. Reyes DulucZNo se presta 00107-18PDaPDbPDcOId2019-07-16iLF1l0oxx xxp49060-10r2020-06-25w2020-06-25yLFPDZNo se presta c48546d48546